• 首页
  • 本馆介绍
  • 公告通知
  • 最新文献
  • 馆藏检索
  • 电子资源
  • 读者导购
  • 参考咨询
  • 我的图书馆
  • 登录
  • 详细信息显示
  • 放入我的书架
  • 预约/预借图书
  • 作者相关作品
  • 分类相关作品
  • 丛书相关作品
  • 出版社相关作品

书目信息

  • 表格格式
  • 工作单格式
  • 卡片格式
题名:
纪晓岚
    
 
作者: 李建良 著
分册:  
出版信息: 北京   国际文化出版公司  2007
页数: 433页
开本: 23cm
丛书名:
单 册:
中图分类: I247.5 , K827=49
科图分类:
主题词: 传记小说--中国--现代 , 传记小说
电子资源:
ISBN: 7-80105-908-5
000 00849nam0 2200289 45
001 1050641937
005 20100416103408.12
010    @a7-80105-908-5@dCNY28.80
100    @a20100408d2007 em y0chiy0110 ea
101 0  @achi
102    @aCN@b110000
105    @ay z 000ab
106    @ar
200 1  @a纪晓岚@AJi Xiao Lan@f李建良著@FLi Jian Liang Zhu
205    @a2版
210    @a北京@c国际文化出版公司@d2007
215    @a433页@d23cm
314    @a李建良(1962~),生于河北献县,河北献县段村乡人民政府乡长,著有《野妃》、《冯梦龙》等。
600  0 @a纪昀@f(1724~1805)@x生平事迹
600  0 @a纪昀@f(1724~1805)
606 0  @a传记小说@y中国@z现代
606 0  @a传记小说
690    @aI247.5@v4
690    @aK827=49@v4
701  0 @a李建良@ALi Jian Liang@4著
801  0 @aCN@bTANGWEI@c20100416
905    @b0588993-97@dI247.5@e1994=2@f5
    
    纪晓岚/李建良著.-2版.-北京:国际文化出版公司,2007
    433页;23cm
    
    
    ISBN 7-80105-908-5:CNY28.80
    
●
相关链接 在E读中查询图书 在五车中查询图书 在当当中查询图书 在豆瓣中查询图书


正题名:纪晓岚     索取号:I247.5/1994=2         预约/预借

序号 登录号 条形码 馆藏地/架位号 状态 备注
1 0588993   205889939   第一样本阅览室/ [索取号:I247.5/1994=2] 在馆    
2 0588994   205889948   第二借阅区/ [索取号:I247.5/1994=2] 在馆    
3 0588996   205889966   第二借阅区/ [索取号:I247.5/1994=2] 在馆    
4 0588997   205889975   第二借阅区/ [索取号:I247.5/1994=2] 在馆    
唐山师范学院图书馆 欢迎您!
大连网信软件有限公司© 版权所有